| 000 | 01001 a2200157 4500 | ||
|---|---|---|---|
| 003 | Nust | ||
| 005 | 20170207154214.0 | ||
| 040 | _cNust | ||
| 082 | _a378.4 | ||
| 245 |
_aNewcastle upon Tyne _bUni Newcastle upon Tyne |
||
| 260 |
_aNewcastle _bUni Newcastle upon Tyne _c2001 |
||
| 300 | _a204 p. | ||
| 505 | _aIndex of Degrees (Page-4) Welcome to Newcastle (Page-8) Studying at Newcastle (Page-10) Living in Newcastle (Page-16) Student Life (Page-22) Student Services (Page-28) International Students (Page-41) Arts Social Sciences (Page-68) Part-Time Degree (Page-81) Law and Business (Page-84) Medical and Biomedical Sciences (Page-97) Physical Sciences (Page-124) Engineering (Page-142) Application and Admissions Procedure (Page-194) Curriculum 2000-Post-16 Qualifications (Page-198) Finding out More (Page-199) Visiting the Uni (Page-200) 201 2000 Visit Day Registration Form (Page-201) Photo Credits (Page-203) Location Maps (Page-204) | ||
| 538 | _aAlmirah No.117 Shelf No.2 | ||
| 650 | _aUG Prospectus | ||
| 942 |
_2ddc _cBK |
||
| 999 |
_c195000 _d195000 |
||